Statystyki dla Najlepsi strzelcy Ligi Mistrzów

Kliknij tutaj aby rozwiązać quiz!

Ogólne statystyki

  • Ten quiz został rozwiązany 1 605 razy
    (1 297 od ostatniego zresetowania)
  • Średni wynik to 14 z 30

Statystyki odpowiedzi

GoleZawodnik% Poprawnych
140Cristiano Ronaldo
100%
123Lionel Messi
100%
86Robert Lewandowski
97%
86Karim Benzema
92%
41Neymar
83%
33Kylian Mbappe
78%
48Zlatan Ibrahimović
65%
34Gerd Müller
62%
52Thomas Müller
62%
71Raul
59%
36Mohamed Salah
54%
50Thierry Henry
50%
30Wayne Rooney
49%
44Didier Drogba
44%
41Sergio Agüero
44%
30Samuel Eto'o
39%
35Edinson Cavani
35%
30Kaka
32%
31Arjen Robben
30%
42Alessandro Del Piero
26%
49Alfredo Di Stefano
25%
46FIlippo Inzaghi
25%
36Ferenc Puskas
24%
29Antoine Griezmann
23%
55Ruud van Nistelrooy
21%
48Andriy Shevchenko
20%
46Eusebio
15%
33Fernando Morientes
11%
29Patrick Kluivert
9%
30Paco Gento
4%

Rozkład punktacji

Percentyl według liczby udzielonych odpowiedzi

Procent ludzi z każdym wynikiem

Twoja historia wyników

Nie rozwiązałeś tego quizu od ostatniego zresetowania